البحث الإجرائي في تطوير المؤسسات التربوية / (رقم التسجيلة. 119803)

تفاصيل مارك
000 -الفاتح
عناصر البيانات ثابتة الطول 00740cam a2200193 i 4500
005 - تاريخ ووقت آخر معاملة
حقل ضبط 20251108174843.0
008 - عناصر البيانات ثابتة الطول
عناصر البيانات ثابتة الطول 250721s2010 jo gr 000 0 ara d
082 14 - رقم تصنيف ديوي العشري
رقم التصنيف 001.42
رقم المادة ق د ا
100 1# - مدخل رئيسي – اسم شخصي
الاسم الشخصي القداح، محمد إبراهيم
علاقة الشخص بالعمل/ دوره مؤلف.
245 12 - بيان العنوان
العنوان البحث الإجرائي في تطوير المؤسسات التربوية /
بيان المسؤولية تأليف الدكتور محمد إبراهيم القداح.
250 ## - بيان الطبعة
بيان الطبعة الطبعة الأولى.
264 1# - بيانات النشر، التوزيع…إلخ
مكان النشر، التوزيع...إلخ عمان :
اسم الناشر، الموزع...إلخ دار وائل للنشر والتوزيع،
تاريخ النشر، التوزيع...إلخ 2010.
300 ## - الوصف المادي
عدد الوحدات المكونة للوعاء 272 صفحة.
650 17 - مدخل إضافي بالموضوع - مصطلح موضوعي
مصطلح موضوعي أو اسم جغرافي كعنصر مدخل الأبحاث.
650 17 - مدخل إضافي بالموضوع - مصطلح موضوعي
مصطلح موضوعي أو اسم جغرافي كعنصر مدخل البحث التطبيقي.
650 17 - مدخل إضافي بالموضوع - مصطلح موضوعي
مصطلح موضوعي أو اسم جغرافي كعنصر مدخل أساليب البحث.
942 ## - بيانات إضافية (كوها)
نوع التنصيف Dewey Decimal Classification
نوع المادة (كوها) كتب
المقتنيات
حالة السحب حالة الفقدان مصدر التصنيف حالة التلف غير قابل للإعارة المكتبة الرئيسية المكتبة الحالية موقع الرف تاريخ التزويد الرقم المتسلسل Total Checkouts رقم الإستدعاء الباركود تاريخ آخر ظهور تاريخ الفاتورة نوع المادة (كوها) العملة
    Dewey Decimal Classification     المكتبة المركزية المكتبة المركزية الإعارة 26/10/2025 1374187   001.42 ق د ا PLD00139668 26/10/2025 26/10/2025 كتب JOD
    Dewey Decimal Classification     مكتبة أبو علندا العامة مكتبة أبو علندا العامة الإعارة 04/04/2010 1374191   001.42/ قدا PLD00140108 28/07/2025 04/04/2010 كتب  
    Dewey Decimal Classification     مكتبة الأميرة ايمان العامة مكتبة الأميرة ايمان العامة الإعارة 04/04/2010 1374192   001.42/ قدا PLD00140113 28/07/2025 04/04/2010 كتب  
    Dewey Decimal Classification     مكتبة الجويدة مكتبة الجويدة الإعارة 04/04/2010 1374193   001.42/ قدا PLD00140109 28/07/2025 04/04/2010 كتب  
    Dewey Decimal Classification     مكتبة وادي السير العامة مكتبة وادي السير العامة الإعارة 04/04/2010 1374194   001.42/ قدا PLD00140117 28/07/2025 04/04/2010 كتب  
    Dewey Decimal Classification     مكتبة ومركز فرح مكتبة ومركز فرح الإعارة 04/04/2010 1374195   001.42/ قدا PLD00140110 28/07/2025 04/04/2010 كتب  
Implemented & Customized by: BBB with SCIT (Smart Chains for Information Technology)

Powered by Koha